00382nam a2200145Ia 4500003000400000008004100004040001600045082001700061100001500078245004200093700001700135260004700152300001000199650002700209GCL140319s9999 xx 000 0 eng d aGCL / cGCL04a636.089bH V1 aHALL, L.W.10aVETERINARY ANAESTHESIA / cHALL, L.W.1 aCLARKE, K.W. a[S.N] : bELBS BAILLIERE TINDALL ، c1991 a410 P04aVETERINARY - ANETHESIA